000 00881nam a22002535i 4500
001 11139
003 ES-MaACL
005 20230906150033.0
007 t|
008 920302s1991 sp ||||0| spa j
020 _a84-87269-04-4
040 _aM-BN
_bspa
_cM-BN
080 _a637.5:338.45(460)
080 _a338.45(460):637.5
100 1 _aHernández Crespo, José L.
_962912
245 1 0 _aIndustrias cárnicas y productos elaborados
_b: situación y perspectiva /
_cJosé L. Hernández Crespo y Antonio Paz Sáez.
260 _a[Madrid] :
_bAyala,
_cD.L. 1991.
300 _a256 p :
_bil ;
_c24 cm.
500 _aPrecede al tit.: Panorama general de la industria alimentaria española.
504 _aBibliografía: p. [253]-256.
650 1 4 _aIndustrias cárnicas-
_zEspaña.
_913742
700 1 _aPaz Sáez, Antonio.
_989783
852 _aES-MaACL
_jL-18496
_bR.124736
999 _c11139
_d11139